The Communist movement in Iran.

Bibliographic Details
Main Author: Zabih, Sepehr
Format: Book
Language:English
Published: Berkeley : University of California Press, 1966.
Subjects:

MARC

Tag First Indicator Second Indicator Subfields
LEADER 00000cam a22000001 4500
001 in00000058270
005 20151008051519.0
008 731212s1966 cau b 00000 eng
010 |a  66025348  
035 |a (OCoLC)00266082 
035 |9 AAG8384AM 
040 |a DLC  |c DLC  |d TXA  |d UtOrBLW 
043 |a a-ir--- 
049 |a TXAM  |c [468955] 
050 0 0 |a HX417  |b .Z3 
082 0 |a 329.955 
092 |a 329.955  |b Z12c 
100 1 |a Zabih, Sepehr. 
245 1 4 |a The Communist movement in Iran. 
264 1 |a Berkeley :  |b University of California Press,  |c 1966. 
300 |a vii, 279 pages ;  |c 24 cm. 
336 |a text  |b txt  |2 rdacontent 
337 |a unmediated  |b n  |2 rdamedia 
338 |a volume  |b nc  |2 rdacarrier 
504 |a Bibliography: pages 260-273. 
650 0 |a Communism  |z Iran  |x History. 
999 |a MARS 
999 f f |s eca8e613-0245-3331-9eb2-7f5fdd7ded98  |i 7aff4440-eb54-35d4-b1b0-0dceb0b978a1  |t 0 
952 f f |p ric  |a Texas A&M University  |b Rellis Campus  |c Joint Library Facility  |d Remote Storage  |t 0  |e HX417 .Z3  |h Library of Congress classification  |i unmediated -- volume  |m A14800684770 
998 f f |a HX417 .Z3  |t 0  |l Remote Storage